000 00721nam a2200217 a 4500
001 BRCA_2625
005 20190320203909.0
008 011208s1957----enka---###---#000-0#eng-#
050 4 _aNK3880
_b.L36
_c1957
100 1 _aLane, Edward Arthur
_97481
245 1 0 _aLater Islamic Pottery
_bPersia, Syria, Egypt, Turkey
_cArthur Lane.
260 _aLondon
_bFaber & Faber
_c1957
300 _axvi, 133 p.
_bil., 100 láminas, mapas
_c25 cm.
440 0 _aThe Faber Monographs on Pottery and Porcelain
_91070
500 _aIncluye: apéndice, índice temático e índice de ilustraciones
500 _aA110
504 _aBibliografía: p. 124-127
650 1 4 _aCerámica mahometana
_97482
902 _aGFM
942 _2lcc
_cB
999 _c2365
_d2365